000 00309nam a22001337a 4500
008 170615b xxu||||| |||| 00| 0 eng d
020 _a9780578092164
041 _aeng
080 _a324
100 _a19
101 _aSHP
245 _aHOW TO WIN ELECTIONS USING SOCIAL MEDIA
_cAGRANOFF,C
942 _2udc
_cBK
999 _c17570
_d17570